Flip the Coin: Heads, Tails or Cryptocurrencies?

Salvato in:
Dettagli Bibliografici
Autore principale: Duarte, António Portugal
Altri autori: Murta, Fátima Sol, da Silva, Nuno Baetas, Vieira, Beatriz Rodrigues
Natura: Capitolo di libro
Lingua:inglese
Tags: Aggiungi Tag
Nessun Tag, puoi essere il primo ad aggiungerne!!

MARC

LEADER 00000naa a2200000 4500
001 0307050
005 20250220085421.3
041 0 |a eng 
044 |a RO 
245 1 0 |a Flip the Coin: Heads, Tails or Cryptocurrencies?  |c António Portugal Duarte, Fátima Sol Murta, Nuno Baetas da Silva, Beatriz Rodrigues Vieira 
100 1 |a Duarte, António Portugal 
700 1 |a Murta, Fátima Sol 
700 1 |a da Silva, Nuno Baetas 
700 1 |a Vieira, Beatriz Rodrigues